000 01017nam a22002417a 4500
005 20090116164554.0
008 090116t xxu||||| |||| 00| 0 hin d
010 _aHIN-92512
020 _a8179144056
_c150.00
035 _aHN-64858
037 _bDBAD / PUB
040 _aDPL
_bHN
082 _a
100 _aरतन चंद रत्नेश
_927526
245 _aहिमाचल की श्रेष्ठ लघुकथायें /
_cरतन चंद रत्नेश
260 _aचण्डीगढ़
_bतरलोचन पब्लिशर्ज
_c2009
270 _a#3236 सेक्टर 15बी
_bचण्डीगढ़
300 _a104पृ.
_c22सेमी (सजिल्द)
650 _aलघु कथाएँ, हिन्दी
_91169
650 _aShort Stories
_91170
942 _2ddc
_cHN
_mरतन
_h
999 _c52029
_d52029